00293nam a2200133Ia 45000030006000000080041000060400015000471000011000622450027000732500010001002600020001105460012001300050017001420STCL150530s9999 xx 000 0 und d aSTCLcSTCL aTagore aLectures and addresses aFirst bMacmillanc1936 aEnglish20220125170630.0